01102nam a2200265 a 4500001001000000003000900010005001700019007000300036008004100039040002500080082002400105110006500129245020500194250001100399260003300410300002100443500007100464590002800535650003000563650008100593910000700674942001400681952012400695999001700819000039829DO-SdBNP20220622105150.0ta130724s2000 dr r 000 0 spa d aDO-SdBNPbspacBNPHU a262.91bI24e , 2000 aIglesia Católica.bPapa (1978-2005 : Juan Pablo II)98189600aExhortación apostólica :bfamiliaris consortio de Su Santidad Juan Pablo II al Episcopado, al clero y a los fieles de toda la Iglesia sobre la misión de la familia cristiana en el mundo actual / a3a ed. aSanto Domingo :bMSC,c2000. a171 p. ;c22 cm. aIncluye referencias biográficas y notas al pie de las páginas. aInventariado, 2022 / DG 4aCartas pontificias979445 4aIglesia Católica. Papa (1978-2005 : Juan Pablo II)xCorrespondencia981897 aDG 2ddccLBS1 00102ddc51708MOaBNPHUbPDcCTd2022-06-22l0oBNPHU PD 262.91 I24e , 2000p2022-3133r2022-06-22w2022-06-22yLBS1 c52088d52088